000 00156nam a22000857a 4500
082 _a823
100 _aAGNUS MC BRIDE
245 _aTHE WIZARD OF OZ
942 _cBK
999 _c8376
_d8376